000 00609nam a2200217Ia 4500
005 20230712115552.0
008 131103s9999 xx 000 0 und d
020 _a817033075 0
_cRs. 300
040 _aLoreto College
041 _aEnglish
082 _a630
_bSHA
100 _aSharma,B.L.
245 _aApplied agricultural geography
_cBy B.L. Sharma
260 _aJaipur
_bRawat Publisher
_c1991
300 _axx, 331 p.
_b ill., fig., tables
504 _aIncludes bibliography & index
650 _aAgriculture -
651 _aAgriculture and related technology -
850 _aLCLIB
942 _cBK
999 _c967
_d51446